Constitution of the Federtion of Malaya 1957 (Record no. 1858)
[ view plain ]
| 000 -LEADER | |
|---|---|
| fixed length control field | nam a22 a 4500 |
| 003 - CONTROL NUMBER IDENTIFIER | |
| control field | AKMAL |
| 005 - DATE AND TIME OF LATEST TRANSACTION | |
| control field | 20170512104001.0 |
| 008 - FIXED-LENGTH DATA ELEMENTS--GENERAL INFORMATION | |
| fixed length control field | 170512s2007 my a e | 000 0 eng d |
| 020 ## - INTERNATIONAL STANDARD BOOK NUMBER | |
| International Standard Book Number | 9789833374175 (pbk.) |
| 040 ## - CATALOGING SOURCE | |
| Original cataloging agency | AKMAL |
| 082 04 - DEWEY DECIMAL CLASSIFICATION NUMBER | |
| Classification number | 342.5951023 KEKKWA |
| Edition number | 22 |
| 090 00 - LOCALLY ASSIGNED LC-TYPE CALL NUMBER (OCLC); LOCAL CALL NUMBER (RLIN) | |
| Classification number (OCLC) (R) ; Classification number, CALL (RLIN) (NR) | 342.5951023 |
| Local cutter number (OCLC) ; Book number/undivided call number, CALL (RLIN) | KEKKWA |
| 245 00 - TITLE STATEMENT | |
| Title | Constitution of the Federtion of Malaya 1957 |
| 260 ## - PUBLICATION, DISTRIBUTION, ETC. | |
| Place of publication, distribution, etc. | [Kuala Lumpur] : |
| Name of publisher, distributor, etc. | Kementerian Kebudayaan Kesenian dan Warisan Malaysia (KEKKWA), |
| 300 ## - PHYSICAL DESCRIPTION | |
| Extent | Various pages : |
| Other physical details | ill. ; |
| Dimensions | 21cm. |
| 650 10 - SUBJECT ADDED ENTRY--TOPICAL TERM | |
| Topical term or geographic name entry element | Constitutional law |
| Geographic subdivision | Malaya |
| Chronological subdivision | 1957 |
| 9 (RLIN) | 3854 |
| 650 20 - SUBJECT ADDED ENTRY--TOPICAL TERM | |
| Topical term or geographic name entry element | Constitutional history |
| Geographic subdivision | Malaya |
| Chronological subdivision | 1957 |
| 9 (RLIN) | 3855 |
| 942 ## - ADDED ENTRY ELEMENTS (KOHA) | |
| Source of classification or shelving scheme | |
| Koha item type | Book |
| Withdrawn status | Lost status | Source of classification or shelving scheme | Damaged status | Not for loan | Collection code | Home library | Current library | Shelving location | Date acquired | Inventory number | Total Checkouts | Full call number | Barcode | Date last seen | Price effective from | Koha item type |
|---|---|---|---|---|---|---|---|---|---|---|---|---|---|---|---|---|
| NON-FICTION | AKMAL Melaka | AKMAL Melaka | PINJAMAN | 12.05.2017 | 304881 | 342.5951023 KEKKWA | 201705857 | 12.05.2017 | 12.05.2017 | Book |
